Guess the footballer born in the year 1998 - Statistics

General Stats
  • This quiz has been taken 18 times
  • The average score is 8 of 16
Answer Stats
Picture Answer % Correct
Christian Pulisic
100%
Jules Koundé
81%
Lisandro Martinez
81%
Victor Osimhen
81%
Weston McKennie
81%
Alexis Mac Allister
75%
Eberechi Eze
50%
Caoimhin Kelleher
44%
Douglas Luiz
44%
Orel Mangala
38%
Renan Lodi
38%
Matheus Nunes
25%
Patson Daka
25%
Ben Godfrey
19%
Kiernan Dewsbury-Hall
19%
Wout Faes
19%
No matching quizzes found
Score Distribution
Percent of People with Each Score
Percentile by Number Answered
Your Score History
You have not taken this quiz